Propuestas contemporaneas en Trabajo Social : (Registro nro. 40182)

Detalles MARC
000 -LEADER
fixed length control field 01111nam a2200301 4500
001 - CONTROL NUMBER
control field 0000017680
003 - CONTROL NUMBER IDENTIFIER
control field CO-CtgCURN
005 - DATE AND TIME OF LATEST TRANSACTION
control field 20250429224131.0
007 - PHYSICAL DESCRIPTION FIXED FIELD--GENERAL INFORMATION
fixed length control field ta
008 - FIXED-LENGTH DATA ELEMENTS--GENERAL INFORMATION
fixed length control field 160627s1999 000 0 eng d
020 ## - INTERNATIONAL STANDARD BOOK NUMBER
International Standard Book Number 9508020946
040 ## - CATALOGING SOURCE
Original cataloging agency CO-CtgCURN
Language of cataloging spa
Transcribing agency coctgcurn
082 0# - DEWEY DECIMAL CLASSIFICATION NUMBER
Classification number 361.24
Item number M437
100 1# - MAIN ENTRY--PERSONAL NAME
Personal name Matus Sepulveda, Teresa.
245 10 - TITLE STATEMENT
Title Propuestas contemporaneas en Trabajo Social :
Remainder of title hacia una intervencion polifonica /
Statement of responsibility, etc. Teresa Matus Sepulveda.
260 ## - PUBLICATION, DISTRIBUTION, ETC.
Place of publication, distribution, etc. Buenos Aires :
Name of publisher, distributor, etc. Espacio,
Date of publication, distribution, etc. 1999.
300 ## - PHYSICAL DESCRIPTION
Extent 224 p.
336 ## - CONTENT TYPE
Source rdacontent
337 ## - MEDIA TYPE
Source rdamedia
Media type term sin mediacion
Media type code n
338 ## - CARRIER TYPE
Source rdacarrier
Carrier type term volumen
Carrier type code nc
505 8# - FORMATTED CONTENTS NOTE
Formatted contents note Los requisitos de una intervencion social fundada.--Modernidad y totalidad: dos cuestiones sustantivas en una intervencion polifonica
650 14 - SUBJECT ADDED ENTRY--TOPICAL TERM
Topical term or geographic name entry element Trabajo Social
Form subdivision Historia.
908 ## - PUT COMMAND PARAMETER (RLIN)
Put command parameter 160627
942 ## - ADDED ENTRY ELEMENTS (KOHA)
Koha item type Libros
Classification part 361.24
Item part M437
Source of classification or shelving scheme Dewey Decimal Classification
Existencias
Withdrawn status Lost status Source of classification or shelving scheme Damaged status Not for loan Collection Home library Current library Shelving location Date acquired Inventory number Total checkouts Full call number Barcode Date last seen Date last checked out Copy number Price effective from Koha item type Public note
    Dewey Decimal Classification     General Miguel Henríquez Castañeda Miguel Henríquez Castañeda General 04/29/2025 015886 1 361.24 M437 015886 05/21/2025 05/21/2025 ej.1 04/29/2025 Libros 360-SER.SO
    Dewey Decimal Classification     General Miguel Henríquez Castañeda Miguel Henríquez Castañeda General 04/29/2025 015887   361.24 M437 015887 04/29/2025   ej.2 04/29/2025 Libros 360-SER.SO
    Dewey Decimal Classification     General Miguel Henríquez Castañeda Miguel Henríquez Castañeda General 04/29/2025 015888   361.24 M437 015888 04/29/2025   ej.3 04/29/2025 Libros 360-SER.SO